[Event "CZE-chT1E 0910"]
[Site "Czech Republic"]
[Date "2009.12.13"]
[Round "5.6"]
[White "Malik, Jan"]
[Black "Suchomel, Jan"]
[Result "1-0"]
[WhiteElo "2261"]
[BlackElo "2213"]
[PlyCount "79"]
[EventDate "2009.11.15"]
[EventType "team-tourn"]
[EventRounds "11"]
[EventCountry "CZE"]
[SourceTitle "EXT 2011"]
[Source "ChessBase"]
[SourceDate "2010.11.26"]
[SourceVersion "1"]
[SourceVersionDate "2010.11.26"]
[SourceQuality "1"]
[WhiteTeam "Poruba"]
[BlackTeam "Litovel II"]
[WhiteTeamCountry "CZE"]
[BlackTeamCountry "CZE"]

1. e4 e6 2. d3 d5 3. Nd2 Nf6 4. Ngf3 Be7 5. g3 c5 6. Bg2 Nc6 7. 0-0 b6 8. e5 Nd7 9. Re1 g5 10. h3 Qc7 11. d4 cxd4 12. Nb3 h6 13. Nbxd4 Ncxe5 14. Nxe5 Nxe5 15. Nb5 Qc6 16. Nc3 Qd6 17. b3 0-0 18. Bb2 Ng6 19. Qd4 e5 20. Qxd5 Rb8 21. Rad1 Rd8 22. Qf3 Qe6 23. Qh5 Rxd1 24. Rxd1 Kg7 25. Nd5 Bb7 26. c4 Bxd5 27. Bxd5 Qf6 28. Rd3 Qf5 29. Qe2 Bf6 30. Kg2 b5 31. c5 Rd8 32. Be4 Qc8 33. Rxd8 Qxd8 34. c6 a6 35. a4 Qb6 36. axb5 axb5 37. Qd3 Nf8 38. Qd6 Bd8 39. Bxe5+ f6 40. c7 1-0

[Event "CZE-chT2E 0809"]
[Site "Czech Republic"]
[Date "2009.01.11"]
[Round "6.4"]
[White "Suchomel, Jan"]
[Black "Sevcik, Vladimir"]
[Result "1/2-1/2"]
[WhiteElo "2220"]
[BlackElo "2213"]
[PlyCount "88"]
[EventDate "2008.10.12"]
[EventType "tourn"]
[EventRounds "11"]
[EventCountry "CZE"]
[SourceTitle "EXT 2010"]
[Source "ChessBase"]
[SourceDate "2010.11.25"]
[SourceVersion "1"]
[SourceVersionDate "2010.11.25"]
[SourceQuality "1"]
[WhiteTeam "Litovel II"]
[BlackTeam "Brno Duras III"]
[WhiteTeamCountry "CZE"]
[BlackTeamCountry "CZE"]

1. e4 e5 2. Nf3 Nc6 3. Bb5 a6 4. Ba4 Nf6 5. 0-0 Be7 6. Re1 b5 7. Bb3 d6 8. a4 Bd7 9. c3 0-0 10. d3 Na5 11. Bc2 c5 12. Nbd2 Re8 13. Nf1 Bf8 14. Ng3 h6 15. h3 g6 16. Bd2 Be6 17. Ra3 Qb8 18. b4 Nc6 19. Qc1 cxb4 20. cxb4 Rc8 21. Qb2 d5 22. Rea1 dxe4 23. dxe4 a5 24. axb5 Nxb4 25. Bb1 Qxb5 26. Nxe5 Nd7 27. Nxd7 Bxd7 28. e5 Bg7 29. f4 Bc6 30. Ne4 Rd8 31. Nd6 Rxd6 32. Bxb4 Rd1+ 33. Kh2 Rb8 34. Bxg6 Rxa1 35. Bxf7+ Kxf7 36. Rg3 Re1 37. e6+ Kxe6 38. Rg6+ Kf5 39. Qxg7 Re2 40. Qf6+ Ke4 41. Qe6+ Kd4 42. Qf6+ Ke4 43. Qe6+ Kd4 44. Qf6+ Ke4 1/2-1/2

[Event "CZE-chT1E 0809"]
[Site "Czech Republic"]
[Date "2008.11.29"]
[Round "8.7"]
[White "Piza, Vlastimil"]
[Black "Suchomel, Jan"]
[Result "1/2-1/2"]
[WhiteElo "2273"]
[BlackElo "2220"]
[PlyCount "54"]
[EventDate "2008.11.08"]
[EventType "tourn"]
[EventRounds "11"]
[EventCountry "CZE"]
[SourceTitle "EXT 2010"]
[Source "ChessBase"]
[SourceDate "2010.11.25"]
[SourceVersion "1"]
[SourceVersionDate "2010.11.25"]
[SourceQuality "1"]
[WhiteTeam "Jihlava"]
[BlackTeam "Litovel"]
[WhiteTeamCountry "CZE"]
[BlackTeamCountry "CZE"]

1. e4 e6 2. d4 d5 3. Nd2 Nf6 4. e5 Nfd7 5. c3 c5 6. f4 Nc6 7. Ndf3 Qb6 8. g3 cxd4 9. cxd4 Bb4+ 10. Kf2 0-0 11. Bh3 Kh8 12. Kg2 f6 13. Bxe6 Ndxe5 14. Bxd5 Nxf3 15. Nxf3 Bg4 16. a3 Bd6 17. h3 Bxf3+ 18. Qxf3 Nxd4 19. Qf2 Rad8 20. Be3 Qb5 21. Be4 Rfe8 22. a4 Qa6 23. Bxd4 Rxe4 24. Rhe1 Rde8 25. Rxe4 Rxe4 26. Re1 Qc6 27. Kh2 h6 1/2-1/2

[Event "CZE-chT2e 0607"]
[Site "Czech Republic"]
[Date "2007.04.15"]
[Round "11.2"]
[White "Cagasik, Tomas"]
[Black "Suchomel, Jan"]
[Result "1-0"]
[WhiteElo "2260"]
[BlackElo "2202"]
[PlyCount "67"]
[EventDate "2006.10.15"]
[EventType "team-tourn"]
[EventRounds "11"]
[EventCountry "CZE"]
[SourceTitle "EXT 2009"]
[Source "ChessBase"]
[SourceDate "2008.11.26"]
[SourceVersion "1"]
[SourceVersionDate "2008.11.26"]
[SourceQuality "1"]

1. c4 e5 2. Nc3 Nc6 3. g3 g6 4. Bg2 Bg7 5. e3 Nge7 6. Nge2 0-0 7. 0-0 d6 8. b3 Be6 9. f4 f5 10. Bb2 Qd7 11. Rc1 Rfe8 12. a3 e4 13. d3 d5 14. cxd5 Nxd5 15. Nxd5 Bxb2 16. Rc2 Qxd5 17. Rxb2 Rad8 18. d4 Qa5 19. Qa1 Ne7 20. Rc1 Nd5 21. Kf2 c6 22. Rc5 Qa6 23. Bf1 Nxe3 24. Kxe3 Qd3+ 25. Kf2 Qf3+ 26. Kg1 b6 27. Rc3 e3 28. Bg2 Qf2+ 29. Kh1 c5 30. Ng1 cxd4 31. Rd3 Bxb3 32. Rxf2 exf2 33. Nf3 Bd5 34. Ne5 1-0

[Event "CZE-chT1E 0607"]
[Site "Czech Republic"]
[Date "2007.01.21"]
[Round "6.7"]
[White "Suchomel, Jan"]
[Black "Staufcik, Robert"]
[Result "1/2-1/2"]
[WhiteElo "2202"]
[BlackElo "2162"]
[PlyCount "88"]
[EventDate "2006.10.15"]
[EventType "team-tourn"]
[EventRounds "11"]
[EventCountry "CZE"]
[SourceTitle "EXT 2008"]
[Source "ChessBase"]
[SourceDate "2007.11.25"]
[SourceVersion "1"]
[SourceVersionDate "2007.11.25"]
[SourceQuality "1"]

1. e4 e5 2. Nf3 Nc6 3. Bb5 Nf6 4. 0-0 Nxe4 5. d4 Nd6 6. Bxc6 dxc6 7. dxe5 Nf5 8. Qxd8+ Kxd8 9. Nc3 Ne7 10. Rd1+ Ke8 11. h3 Ng6 12. Bg5 Be7 13. Rd2 h6 14. Bxe7 Kxe7 15. Ne4 Rd8 16. Rxd8 Kxd8 17. Ng3 Ke8 18. Nd4 a5 19. Nh5 Kf8 20. f4 c5 21. Nb5 Bf5 22. Rd1 Bxc2 23. Rd2 Ba4 24. Nc3 Bc6 25. a4 Rb8 26. Nb5 Nh4 27. Nxc7 Bxa4 28. Rd5 Bc6 29. Rxc5 Nxg2 30. Nb5 g6 31. Nd4 gxh5 32. Nxc6 bxc6 33. Kxg2 Rxb2+ 34. Kf3 Rb3+ 35. Ke4 Rxh3 36. Rxa5 Rg3 37. Ra8+ Kg7 38. Rc8 Rg6 39. Rc7 Kf8 40. f5 Rg4+ 41. Kf3 Rc4 42. Rc8+ Kg7 43. Rc7 Kf8 44. Rc8+ Kg7 1/2-1/2

[Event "CZE-chT2e 0607"]
[Site "Czech Republic"]
[Date "2006.12.17"]
[Round "5.3"]
[White "Suchomel, Jan"]
[Black "Veselsky, Jozef"]
[Result "1-0"]
[WhiteElo "2202"]
[BlackElo "2176"]
[PlyCount "65"]
[EventDate "2006.10.15"]
[EventType "team-tourn"]
[EventRounds "11"]
[EventCountry "CZE"]
[SourceTitle "EXT 2009"]
[Source "ChessBase"]
[SourceDate "2008.11.26"]
[SourceVersion "1"]
[SourceVersionDate "2008.11.26"]
[SourceQuality "1"]

1. e4 c5 2. d4 cxd4 3. c3 d3 4. Bxd3 Nc6 5. c4 d6 6. Be3 g6 7. Ne2 Bg7 8. Nbc3 Nf6 9. f3 0-0 10. 0-0 Ne5 11. Rc1 Bd7 12. Nf4 Nxd3 13. Qxd3 Bc6 14. b4 Nd7 15. Qe2 Ne5 16. Rfd1 Bd7 17. c5 dxc5 18. Bxc5 b6 19. Be3 Rc8 20. Qa6 Nc4 21. Bd4 e5 22. Ncd5 Nd6 23. Bc5 Bb5 24. Qxa7 bxc5 25. Ne7+ Kh8 26. Nxc8 exf4 27. Nxd6 Qd7 28. Qxc5 Ba4 29. Rd5 Bb2 30. Nc4 Rc8 31. Rxd7 Rxc5 32. bxc5 Bxc1 33. Rd8+ 1-0

[Event "CZE-chT2e 0607"]
[Site "Czech Republic"]
[Date "2006.12.03"]
[Round "4.3"]
[White "Senkyr, Martin"]
[Black "Suchomel, Jan"]
[Result "0-1"]
[WhiteElo "2044"]
[BlackElo "2202"]
[PlyCount "90"]
[EventDate "2006.10.15"]
[EventType "team-tourn"]
[EventRounds "11"]
[EventCountry "CZE"]
[SourceTitle "EXT 2009"]
[Source "ChessBase"]
[SourceDate "2008.11.26"]
[SourceVersion "1"]
[SourceVersionDate "2008.11.26"]
[SourceQuality "1"]

1. e4 e6 2. d4 d5 3. Nd2 Nf6 4. e5 Nfd7 5. Bd3 b6 6. Ndf3 Ba6 7. Ne2 c5 8. c3 Bxd3 9. Qxd3 Be7 10. Nf4 Nc6 11. 0-0 Qc7 12. Bd2 c4 13. Qe2 0-0-0 14. Ne1 Rdg8 15. Nc2 Qd8 16. b3 Na5 17. Ne3 Qc7 18. bxc4 dxc4 19. Nh3 Qc6 20. f4 g6 21. Rfd1 b5 22. Nf2 h5 23. Nc2 Nb6 24. Nb4 Qb7 25. Ne4 Nd5 26. Rab1 a6 27. Qf3 Rd8 28. Be1 Nc6 29. Nxc6 Qxc6 30. g3 h4 31. Qe2 hxg3 32. Bxg3 Rdg8 33. Rf1 Rh7 34. a4 g5 35. axb5 axb5 36. fxg5 Bxg5 37. Rxb5 Be3+ 38. Rf2 Nxc3 39. Qxe3 Nxe4 40. Rc5 Nxc5 41. dxc5 Rg4 42. Qa3 Rd4 43. Rb2 Rd3 44. Qa5 Rxg3+ 45. hxg3 Rh1+ 0-1

[Event "CZE-chT2e 0607"]
[Site "Czech Republic"]
[Date "2006.11.05"]
[Round "2.3"]
[White "Skacelik, Petr"]
[Black "Suchomel, Jan"]
[Result "1-0"]
[WhiteElo "2248"]
[BlackElo "2202"]
[PlyCount "75"]
[EventDate "2006.10.15"]
[EventType "team-tourn"]
[EventRounds "11"]
[EventCountry "CZE"]
[SourceTitle "EXT 2009"]
[Source "ChessBase"]
[SourceDate "2008.11.26"]
[SourceVersion "1"]
[SourceVersionDate "2008.11.26"]
[SourceQuality "1"]

1. d4 Nf6 2. c4 c5 3. d5 e6 4. Nc3 exd5 5. cxd5 d6 6. e4 g6 7. h3 Qe7 8. Bd3 Bg7 9. Nf3 0-0 10. 0-0 Nbd7 11. Re1 Ne5 12. Nxe5 dxe5 13. Bg5 a6 14. a4 Qc7 15. Bf1 Qd6 16. Qd2 Bd7 17. a5 Rfb8 18. Ra2 Ne8 19. Be3 f5 20. f3 h5 21. Na4 Bxa4 22. Rxa4 Bf8 23. Rc1 fxe4 24. Bxc5 Qf6 25. Bxf8 Kxf8 26. Rxe4 Nd6 27. Rb4 Rc8 28. Rb6 Kg7 29. Rc3 Qe7 30. Qe3 Re8 31. Bd3 Rad8 32. Bc2 Rf8 33. Ba4 Rf4 34. b3 Rc8 35. Rxc8 Nxc8 36. Re6 Qb4 37. Qxe5+ Kh7 38. Be8 1-0

[Event "CZE-chT1 East 0506"]
[Site "Czech Republic"]
[Date "2006.01.22"]
[Round "6.8"]
[White "Jurasek, Miroslav"]
[Black "Suchomel, Jan"]
[Result "0-1"]
[WhiteElo "2298"]
[BlackElo "2229"]
[PlyCount "46"]
[EventDate "2005.10.23"]
[EventType "team-tourn"]
[EventRounds "11"]
[EventCountry "CZE"]
[SourceTitle "EXT 2008"]
[Source "ChessBase"]
[SourceDate "2007.11.25"]
[SourceVersion "1"]
[SourceVersionDate "2007.11.25"]
[SourceQuality "1"]

1. e4 e6 2. d4 d5 3. Nd2 Nf6 4. e5 Nfd7 5. Bd3 c5 6. c3 Nc6 7. Ngf3 Qb6 8. 0-0 Be7 9. dxc5 Nxc5 10. Bc2 Qc7 11. Re1 0-0 12. Nf1 Nd7 13. Qe2 f5 14. exf6 Nxf6 15. Bg5 Bd7 16. Bh4 Rfe8 17. b4 b5 18. Bg3 Qb6 19. Ne5 Nxe5 20. Bxe5 Bd6 21. Bxd6 Qxd6 22. f3 e5 23. Rad1 Kh8 0-1

[Event "CZE-chT2e 0506"]
[Site "Czech Republic"]
[Date "2006.01.15"]
[Round "6.3"]
[White "Zatloukal, Petr"]
[Black "Suchomel, Jan"]
[Result "1-0"]
[WhiteElo "2097"]
[BlackElo "2229"]
[PlyCount "73"]
[EventDate "2005.10.16"]
[EventType "team-tourn"]
[EventRounds "11"]
[EventCountry "CZE"]
[SourceTitle "EXT 2008"]
[Source "ChessBase"]
[SourceDate "2007.11.25"]
[SourceVersion "1"]
[SourceVersionDate "2007.11.25"]
[SourceQuality "1"]

1. e4 e6 2. d4 d5 3. e5 c5 4. c3 Nc6 5. Nf3 Qb6 6. a3 Nh6 7. Bxh6 gxh6 8. b4 cxd4 9. cxd4 Bd7 10. Be2 Bg7 11. Nc3 0-0 12. 0-0 Qd8 13. Re1 f6 14. Bb5 Rc8 15. Rc1 Nb8 16. Bd3 f5 17. Nxd5 exd5 18. e6 Bxe6 19. Rxe6 Nc6 20. Bb5 Qd7 21. Re1 f4 22. h3 Kh8 23. Qd2 Qd6 24. Bxc6 Rxc6 25. Rxc6 Qxc6 26. Qe2 Bf6 27. Qe6 Qc4 28. Qd6 Bg7 29. Qd7 Bxd4 30. Re7 Bf6 31. Rxh7+ Kg8 32. Rxh6 Qe4 33. Qg4+ Bg7 34. Rg6 Rf7 35. Re6 Qf5 36. Re8+ Kh7 37. Ng5+ 1-0

[Event "CZE-chT2e 0506"]
[Site "Czech Republic"]
[Date "2005.12.18"]
[Round "5.2"]
[White "Strasil, Pavel"]
[Black "Suchomel, Jan"]
[Result "0-1"]
[WhiteElo "2167"]
[BlackElo "2229"]
[PlyCount "62"]
[EventDate "2005.10.16"]
[EventType "team-tourn"]
[EventRounds "11"]
[EventCountry "CZE"]
[SourceTitle "EXT 2008"]
[Source "ChessBase"]
[SourceDate "2007.11.25"]
[SourceVersion "1"]
[SourceVersionDate "2007.11.25"]
[SourceQuality "1"]

1. e4 e6 2. d4 d5 3. e5 c5 4. c3 Nc6 5. Nf3 Qb6 6. Be2 Nh6 7. b3 cxd4 8. cxd4 Bb4+ 9. Kf1 Nf5 10. Bb2 Bd7 11. g3 f6 12. exf6 gxf6 13. Kg2 0-0-0 14. a3 Bd6 15. b4 a6 16. Nc3 h5 17. Na4 Qa7 18. Bd3 Nce7 19. Rc1+ Kb8 20. Nc5 Bxc5 21. bxc5 h4 22. Re1 Rdg8 23. Bc3 Ka8 24. Rb1 hxg3 25. hxg3 Nxg3 26. fxg3 Qb8 27. Ne5 fxe5 28. dxe5 Nf5 29. Bxf5 exf5 30. Rh1 Rxh1 31. Qxh1 d4 0-1

[Event "CZE-chT1 East 0506"]
[Site "Czech Republic"]
[Date "2005.11.27"]
[Round "3.8"]
[White "Suchomel, Jan"]
[Black "Rojicek, Vojtech"]
[Result "1-0"]
[WhiteElo "2229"]
[BlackElo "2175"]
[PlyCount "55"]
[EventDate "2005.10.23"]
[EventType "team-tourn"]
[EventRounds "11"]
[EventCountry "CZE"]
[SourceTitle "EXT 2008"]
[Source "ChessBase"]
[SourceDate "2007.11.25"]
[SourceVersion "1"]
[SourceVersionDate "2007.11.25"]
[SourceQuality "1"]

1. e4 c5 2. d4 cxd4 3. c3 d3 4. Bxd3 d6 5. Nf3 Nf6 6. 0-0 g6 7. Bf4 Bg7 8. Qe2 0-0 9. h3 Nc6 10. Nbd2 a6 11. a4 Rb8 12. Bh2 Nd7 13. Rfd1 Qc7 14. Nc4 b5 15. Ne3 Qb7 16. axb5 axb5 17. Nd5 Nc5 18. Bc2 Be6 19. Nd4 Bxd5 20. exd5 Nxd4 21. cxd4 Na6 22. Bb3 Bf6 23. Qf3 Rfc8 24. Bxd6 Nc7 25. Be5 Rd8 26. Rac1 Rbc8 27. Rc6 Rd7 28. Rxf6 1-0

[Event "CZE-chT2e 0405"]
[Site "Czech Republic"]
[Date "2005.02.06"]
[Round "7.4"]
[White "Sohr, Vladimir"]
[Black "Suchomel, Jan"]
[Result "1/2-1/2"]
[WhiteElo "2108"]
[BlackElo "2192"]
[PlyCount "91"]
[EventDate "2004.10.17"]
[EventType "team-tourn"]
[EventRounds "11"]
[EventCountry "CZE"]
[SourceTitle "EXT 2007"]
[Source "ChessBase"]
[SourceDate "2006.11.23"]
[SourceVersion "1"]
[SourceVersionDate "2006.11.23"]
[SourceQuality "1"]

1. d4 Nf6 2. Nf3 c5 3. c3 e6 4. Bg5 Be7 5. Nbd2 b6 6. e4 0-0 7. e5 Ne8 8. Bxe7 Qxe7 9. dxc5 bxc5 10. Ne4 Nc6 11. Qd3 f5 12. exf6 Nxf6 13. Nxf6+ Rxf6 14. 0-0-0 d5 15. Qe3 Bb7 16. Rd2 Rd8 17. Bb5 d4 18. cxd4 Nxd4 19. Rhd1 Bxf3 20. gxf3 Rdf8 21. Be2 Rh6 22. Kb1 Rxh2 23. Rc1 Rh3 24. Qe5 Rf5 25. Qb8+ Rf8 26. Qe5 Nxe2 27. Rxe2 Rhxf3 28. Rxc5 Rxf2 29. Rxf2 Rxf2 30. Rc7 Qf6 31. Rc8+ Kf7 32. Rc7+ Kg8 33. Rc8+ Kf7 34. Rc7+ Kg6 35. Qg3+ Kh5 36. Qh3+ Qh4 37. Qxh4+ Kxh4 38. Rxg7 h5 39. Rxa7 Kg3 40. Rg7+ Kf4 41. Rf7+ Ke3 42. Re7 Kd3 43. a4 Kc4 44. a5 Rf1+ 45. Kc2 Rf2+ 46. Kd1 1/2-1/2

[Event "CZE-chT2e 0405"]
[Site "Czech Republic"]
[Date "2004.11.21"]
[Round "3.3"]
[White "Suchomel, Jan"]
[Black "Petruska, Miroslav"]
[Result "1-0"]
[WhiteElo "2192"]
[BlackElo "1924"]
[PlyCount "33"]
[EventDate "2004.10.17"]
[EventType "team-tourn"]
[EventRounds "11"]
[EventCountry "CZE"]
[SourceTitle "EXT 2007"]
[Source "ChessBase"]
[SourceDate "2006.11.23"]
[SourceVersion "1"]
[SourceVersionDate "2006.11.23"]
[SourceQuality "1"]

1. e4 c5 2. d4 cxd4 3. c3 dxc3 4. Nxc3 Nc6 5. Nf3 Nf6 6. Bc4 d6 7. e5 Ng4 8. Bf4 Qb6 9. 0-0 dxe5 10. Bg3 f6 11. Qe2 Nh6 12. Nd5 Qd8 13. Nxe5 Nd4 14. Qh5+ g6 15. Nxg6 Bg4 16. Rfe1 Bxh5 17. Nxf6# 1-0

[Event "Olomouc op"]
[Site "Olomouc"]
[Date "2004.07.06"]
[Round "2"]
[White "Sundararajan, Kidambi"]
[Black "Suchomel, Jan"]
[Result "1-0"]
[WhiteElo "2452"]
[BlackElo "2173"]
[PlyCount "59"]
[EventDate "2004.07.05"]
[EventType "swiss"]
[EventRounds "9"]
[EventCountry "CZE"]
[SourceTitle "CBM 101 Extra"]
[Source "ChessBase"]
[SourceDate "2004.09.01"]
[SourceVersion "2"]
[SourceVersionDate "2004.09.01"]
[SourceQuality "1"]

1. d4 Nf6 2. Nf3 c5 3. d5 e6 4. Nc3 b5 5. Bg5 Bb7 6. e4 b4 7. Na4 Qa5 8. Bxf6 gxf6 9. b3 d6 10. dxe6 fxe6 11. Bc4 Ke7 12. 0-0 Nc6 13. c3 Rd8 14. Re1 Bh6 15. Qd3 Bf4 16. Rad1 h5 17. Bxe6 Kxe6 18. Qd5+ Ke7 19. Nh4 Rhg8 20. Qf5 Bg5 21. Qh7+ Ke6 22. Nf5 Ba8 23. Rxd6+ Rxd6 24. Qxg8+ Ke5 25. g3 h4 26. f4+ Bxf4 27. gxf4+ Kxf4 28. Nxd6 Ne5 29. Rf1+ Ke3 30. Qg2 1-0

[Event "CZE-chT 0203"]
[Site "Czech Republic"]
[Date "2003.04.13"]
[Round "11"]
[White "Civin, Tomas"]
[Black "Suchomel, Jan"]
[Result "1-0"]
[WhiteElo "2387"]
[BlackElo "2268"]
[PlyCount "67"]
[EventDate "2002.10.01"]
[EventType "team-tourn"]
[EventRounds "11"]
[EventCountry "CZE"]
[SourceTitle "EXT 2004"]
[Source "ChessBase"]
[SourceDate "2003.11.25"]
[SourceVersion "1"]
[SourceVersionDate "2003.11.25"]
[SourceQuality "1"]
[WhiteTeam "Praha Mahrla"]
[BlackTeam "Litovel"]
[WhiteTeamCountry "CZE"]
[BlackTeamCountry "CZE"]

1. d4 Nf6 2. c4 c5 3. d5 e6 4. Nc3 exd5 5. cxd5 d6 6. g3 g6 7. Bg2 Bg7 8. Nf3 0-0 9. 0-0 Re8 10. Nd2 b6 11. a4 Ba6 12. Nb5 Qd7 13. Nc4 Bxb5 14. axb5 Ng4 15. Nxb6 axb6 16. Rxa8 Qxb5 17. Qa4 Qxa4 18. Rxa4 f5 19. Ra8 b5 20. Bf4 Ne5 21. b4 Kf7 22. bxc5 dxc5 23. Ra5 b4 24. Rxc5 Ned7 25. Rb5 Bc3 26. Rb7 Ke7 27. e4 Kf6 28. exf5 gxf5 29. Bd6 h5 30. Bxb4 Be5 31. Re1 h4 32. Bc3 hxg3 33. hxg3 Re7 34. Rxe5 1-0

[Event "CZE-chT 0203"]
[Site "Czech Republic"]
[Date "2003.04.12"]
[Round "10"]
[White "Suchomel, Jan"]
[Black "Petran, Peter"]
[Result "1-0"]
[WhiteElo "2268"]
[BlackElo "2380"]
[PlyCount "127"]
[EventDate "2002.10.01"]
[EventType "team-tourn"]
[EventRounds "11"]
[EventCountry "CZE"]
[SourceTitle "EXT 2004"]
[Source "ChessBase"]
[SourceDate "2003.11.25"]
[SourceVersion "1"]
[SourceVersionDate "2003.11.25"]
[SourceQuality "1"]
[WhiteTeam "Litovel"]
[BlackTeam "Vysehrad"]
[WhiteTeamCountry "CZE"]
[BlackTeamCountry "CZE"]

1. e4 c6 2. d4 d5 3. exd5 cxd5 4. c4 Nf6 5. Nc3 g6 6. Qb3 Bg7 7. Nf3 0-0 8. cxd5 Nbd7 9. Bd3 Nb6 10. 0-0 Nfxd5 11. h3 Be6 12. Qa3 Nxc3 13. bxc3 Bd5 14. Be2 Qc7 15. Bg5 e6 16. Nd2 Rfc8 17. Rfc1 Bf8 18. Qa5 Nc4 19. Qxc7 Rxc7 20. Bxc4 Bxc4 21. Ne4 Rc6 22. a4 h6 23. Bf4 Bg7 24. Be5 b6 25. a5 f5 26. Bxg7 Kxg7 27. Nd2 b5 28. Nxc4 Rxc4 29. a6 Rb8 30. Ra5 Kf6 31. Kf1 Rb6 32. Ke2 Rcc6 33. Kd3 b4 34. c4 Rxa6 35. Rxa6 Rxa6 36. c5 Rc6 37. Kc4 a5 38. Kb5 Rc8 39. Kxa5 b3 40. Kb6 Rb8+ 41. Kc7 Rb4 42. d5 exd5 43. Kd6 Rc4 44. Rb1 Rc3 45. Kxd5 Rd3+ 46. Kc6 Rd2 47. Rxb3 Rxf2 48. g3 Rc2 49. Kb6 Ke5 50. c6 f4 51. gxf4+ Kxf4 52. c7 g5 53. Kb7 h5 54. Rb6 Rxc7+ 55. Kxc7 g4 56. h4 Kg3 57. Kd6 Kxh4 58. Ke5 Kh3 59. Kf4 g3 60. Kf3 h4 61. Rg6 Kh2 62. Rg8 Kg1 63. Rg4 Kf1 64. Ra4 1-0

[Event "CZE-chT 0203"]
[Site "Czech Republic"]
[Date "2003.03.16"]
[Round "9"]
[White "Sobek, Jaroslav"]
[Black "Suchomel, Jan"]
[Result "1-0"]
[WhiteElo "2316"]
[BlackElo "2268"]
[PlyCount "87"]
[EventDate "2002.10.01"]
[EventType "team-tourn"]
[EventRounds "11"]
[EventCountry "CZE"]
[SourceTitle "EXT 2004"]
[Source "ChessBase"]
[SourceDate "2003.11.25"]
[SourceVersion "1"]
[SourceVersionDate "2003.11.25"]
[SourceQuality "1"]
[WhiteTeam "Karvina"]
[BlackTeam "Litovel"]
[WhiteTeamCountry "CZE"]
[BlackTeamCountry "CZE"]

1. d4 Nf6 2. c4 c5 3. d5 e6 4. Nc3 exd5 5. cxd5 d6 6. Nf3 g6 7. Nd2 Bg7 8. e4 0-0 9. Be2 Na6 10. 0-0 Nc7 11. a4 b6 12. f4 Re8 13. Re1 a6 14. Bf3 Rb8 15. Nc4 b5 16. axb5 Nxb5 17. Nxb5 axb5 18. Na5 Bd7 19. e5 dxe5 20. fxe5 Nh5 21. Bxh5 gxh5 22. Bf4 Ra8 23. Nb7 Qh4 24. Rxa8 Rxa8 25. g3 Qh3 26. Nxc5 Bg4 27. Qd2 Bf3 28. Ne4 Qd7 29. Kf2 Bg4 30. Nc5 Qc8 31. Qd4 Bf8 32. d6 Qc6 33. Ne4 Ra4 34. Qc5 Qb7 35. Nf6+ Kg7 36. Nxg4 hxg4 37. e6 Qf3+ 38. Kg1 fxe6 39. Qg5+ Kf7 40. Qh5+ Kg7 41. Qg5+ Kf7 42. Be5 Ke8 43. Rf1 Qe2 44. Rxf8+ 1-0

[Event "CZE-chT 0203"]
[Site "Czech Republic"]
[Date "2003.03.15"]
[Round "8"]
[White "Suchomel, Jan"]
[Black "Babula, Milan"]
[Result "1/2-1/2"]
[WhiteElo "2268"]
[BlackElo "2330"]
[PlyCount "94"]
[EventDate "2002.10.01"]
[EventType "team-tourn"]
[EventRounds "11"]
[EventCountry "CZE"]
[SourceTitle "EXT 2004"]
[Source "ChessBase"]
[SourceDate "2003.11.25"]
[SourceVersion "1"]
[SourceVersionDate "2003.11.25"]
[SourceQuality "1"]
[WhiteTeam "Litovel"]
[BlackTeam "Trinec"]
[WhiteTeamCountry "CZE"]
[BlackTeamCountry "CZE"]

1. e4 e6 2. d4 d5 3. e5 b6 4. c3 Qd7 5. Nf3 c5 6. Bd3 Ba6 7. 0-0 Ne7 8. b3 Nec6 9. dxc5 Bxd3 10. Qxd3 bxc5 11. Re1 Qc7 12. Na3 a6 13. Nc2 Nd7 14. Bf4 g6 15. Ne3 Bg7 16. Nxd5 exd5 17. e6 Qxf4 18. exd7+ Kxd7 19. Qxd5+ Kc7 20. Re4 Qf5 21. Qc4 Qd7 22. Qxc5 Rhe8 23. Rb4 Rab8 24. Rc4 Rb6 25. h3 Kb7 26. Qa3 Ne5 27. Nxe5 Bxe5 28. Rf1 Rc8 29. Re4 Qd6 30. Qc1 Rxc3 31. Qe1 Bf6 32. Qe2 Rbc6 33. g3 Qd3 34. Qg4 Bd8 35. Rd4 f5 36. Rxd3 fxg4 37. Rxd8 gxh3 38. Rd7+ Rc7 39. Rd2 Rc2 40. Rfd1 g5 41. f3 h5 42. g4 hxg4 43. fxg4 R2c3 44. Kh2 Kb6 45. Rd3 Rxd3 46. Rxd3 Rc2+ 47. Kxh3 Rxa2 1/2-1/2

[Event "CZE-chT 0203"]
[Site "Czech Republic"]
[Date "2002.12.01"]
[Round "4"]
[White "Suchomel, Jan"]
[Black "Jurka, Miroslav"]
[Result "1-0"]
[WhiteElo "2268"]
[BlackElo "2365"]
[PlyCount "57"]
[EventDate "2002.10.01"]
[EventType "team-tourn"]
[EventRounds "11"]
[EventCountry "CZE"]
[SourceTitle "EXT 2004"]
[Source "ChessBase"]
[SourceDate "2003.11.25"]
[SourceVersion "1"]
[SourceVersionDate "2003.11.25"]
[SourceQuality "1"]
[WhiteTeam "Litovel"]
[BlackTeam "Zlin"]
[WhiteTeamCountry "CZE"]
[BlackTeamCountry "CZE"]

1. e4 c5 2. d4 cxd4 3. c3 dxc3 4. Nxc3 e6 5. Nf3 a6 6. a4 Nc6 7. Bc4 Nge7 8. Bg5 Qc7 9. 0-0 Ng6 10. Rc1 Bd6 11. Ba2 0-0 12. g3 Bb4 13. h4 h6 14. Be3 Qa5 15. Nd2 b5 16. h5 Nge7 17. Nb3 Qd8 18. f4 d5 19. e5 Nf5 20. Bf2 Bb7 21. Bb1 d4 22. Ne4 Nce7 23. g4 Ne3 24. Qd3 g6 25. Nf6+ Kg7 26. hxg6 Nxg6 27. Nxd4 Nxf1 28. Nxe6+ Kh8 29. Qh3 1-0